R & D management : part lll

Bibliographic Details
Corporate Author: Harvard business review (Author)
Format: Book
Published: Boston : Harvard Business Review , c1978
Series:Harvard business review reprint series

MARC

LEADER 00000cam a2200000 7i4500
001 0000004850
005 20021118093000.0
008 021118n
090 0 0 |a HF30.4   |b .H33 
110 0 |a Harvard business review   |e author 
245 0 0 |a R & D management :   |b part lll 
260 2 |a Boston :   |b Harvard Business Review ,   |c c1978 
300 |a 148 p. ; ;   |c 28 cm. 
440 0 0 |a Harvard business review reprint series 
999 |a 1000057567   |b Book   |c Reference   |e Gong Badak Campus